LEADER 01050nam0-22003371i-450 001 990003962170403321 005 20220711155146.0 010 $a88-464-0407-6 035 $a000396217 100 $a20030910d1998----km-y0itay50------ba 101 1 $aita$ceng 102 $aIT 105 $a--------001cy 200 1 $a<>guerra e il militare nel nuovo sistema internazionale$fa cura di James Burk 210 $aMilano$cFrancoAngeli$dİ1998 215 $a238 p.$ctab.$d22 cm 225 1 $aSociologia militare$fcollana diretta da Fabrizio Battistelli$v8 454 1$a<>military in news times. Adapting forces to a turbulent world 610 0 $aGuerra 610 0 $aPolitica militare$a1990-1998 610 0 $aPace 676 $a306.27$v21$zita 676 $a327.1$v21$zita 702 1$aBurk,$bJames 801 0$aIT$bUNINA$gRICA$2UNIMARC 901 $aBK 912 $a990003962170403321 952 $a306.27 BUR 1$b1299$fBFS 959 $aBFS 996 $aGuerra e il militare nel nuovo sistema internazionale$9512865 997 $aUNINA LEADER 02509nam 2200637 450 001 9910809502203321 005 20230327051221.0 010 $a1-4426-6450-9 010 $a1-4426-6449-5 024 7 $a10.3138/9781442664494 035 $a(CKB)2560000000102800 035 $a(EBL)3285967 035 $a(SSID)ssj0000915544 035 $a(PQKBManifestationID)12430084 035 $a(PQKBTitleCode)TC0000915544 035 $a(PQKBWorkID)10868841 035 $a(PQKB)10310677 035 $a(CEL)445216 035 $a(OCoLC)841793955 035 $a(CaBNVSL)slc00232161 035 $a(MiAaPQ)EBC3285967 035 $a(MiAaPQ)EBC4670117 035 $a(DE-B1597)465408 035 $a(OCoLC)899218482 035 $a(OCoLC)979905727 035 $a(DE-B1597)9781442664494 035 $a(Au-PeEL)EBL4670117 035 $a(CaPaEBR)ebr11256631 035 $a(OCoLC)958512382 035 $a(MdBmJHUP)musev2_106322 035 $a(EXLCZ)992560000000102800 100 $a20160922h20132013 uy 0 101 0 $aeng 135 $aur|n|---||||| 181 $ctxt 182 $cc 183 $acr 200 10$aDaniel Defoe $econtrarian /$fRobert James Merrett 210 1$aToronto, [Ontario] ;$aBuffalo, [New York] ;$aLondon, [England] :$cUniversity of Toronto Press,$d2013. 210 4$dİ2013 215 $a1 online resource (430 p.) 311 $a1-4426-4610-1 320 $aIncludes bibliographical references and index. 327 $a1 Contraries: Linguistic, Narrative, and Theological -- 2 Just Reflections -- 3 Serious Reflections : An Apology for Faith and Fiction -- 4 Biblical Allusions as Narrative Resources -- 5 Political Impersonations and Cultural Implications -- 6 Political Imaginings: Sacred and Profane -- 7 Marriage and Matrimony: The Dialectic of Sex and Love -- 8 Defoe's Imaginary : Narrative Inference, Figurative Expression, and Spiritual Cognition. 330 $aIn this study, Robert James Merrett approaches Defoe's body of work using interdisciplinary methods that recognize dialectic in his verbal creativity and cognitive awareness. 606 $aLITERARY CRITICISM / European / English, Irish, Scottish, Welsh$2bisacsh 615 7$aLITERARY CRITICISM / European / English, Irish, Scottish, Welsh. 676 $a823/.5 700 $aMerrett$b Robert James$01630344 801 0$bMiAaPQ 801 1$bMiAaPQ 801 2$bMiAaPQ 906 $aBOOK 912 $a9910809502203321 996 $aDaniel Defoe$94032512 997 $aUNINA